书目信息 |
| 题名: |
无土栽培
|
|
| 作者: | 王久兴 , 宋士清 主编 | |
| 分册: | ||
| 出版信息: | 北京 科学出版社 2016 |
|
| 页数: | 220页 | |
| 开本: | 26cm | |
| 丛书名: | ||
| 单 册: | ||
| 中图分类: | S317 | |
| 科图分类: | ||
| 主题词: | 无土栽培--高等学校--教材 | |
| 电子资源: | ||
| ISBN: | 978-7-03-048949-4 | |
| 000 | 00853nam0 2200241 450 | |
| 001 | 4426 | |
| 005 | 20181012090010.43 | |
| 010 | @a978-7-03-048949-4@dCNY59.80 | |
| 100 | @a20160826d2016 em y0chiy50 ea | |
| 101 | 0 | @achi |
| 102 | @aCN@b110000 | |
| 105 | @aa z 000yy | |
| 200 | 1 | @a无土栽培@9wu tu zai pei@f王久兴, 宋士清主编 |
| 210 | @a北京@c科学出版社@d2016 | |
| 215 | @a220页@c图@d26cm | |
| 300 | @a普通高等教育“十三五”规划教材 设施农业科学与工程专业 | |
| 330 | @a本书介绍了无土栽培的基本概念、营养液配制与管理、基质分类及特性、无土育苗技术、水培技术、基质培技术、立体无土栽培技术、小型化无土栽培技术等内容。 | |
| 606 | 0 | @a无土栽培@x高等学校@j教材 |
| 690 | @aS317@v5 | |
| 701 | 0 | @a王久兴@9wang jiu xing@f(1969- )@4主编 |
| 701 | 0 | @a宋士清@9song shi qing@f(1965- )@4主编 |
| 801 | 0 | @aCN@b91MARC@c20160826 |
| 905 | @aMuseLib@dS317@e56 | |
| 无土栽培/王久兴, 宋士清主编.-北京:科学出版社,2016 |
| 220页:图;26cm |
| 普通高等教育“十三五”规划教材 设施农业科学与工程专业 |
| ISBN 978-7-03-048949-4:CNY59.80 |
| 本书介绍了无土栽培的基本概念、营养液配制与管理、基质分类及特性、无土育苗技术、水培技术、基质培技术、立体无土栽培技术、小型化无土栽培技术等内容。 |
| ● |
| 相关链接 |
|
|
|
|
正题名:无土栽培
索取号:S317/56
 
预约/预借
| 序号 | 登录号 | 条形码 | 馆藏地/架位号 | 状态 | 备注 |
| 1 | 1125046 | 211250466 | 第二样本阅览室/ [索取号:S317/56] | 在馆 | |
| 2 | 1125047 | 211250475 | 第三借阅区/ [索取号:S317/56] | 在馆 | |
| 3 | 1125048 | 211250484 | 第三借阅区/ [索取号:S317/56] | 在馆 | |
| 4 | 1125049 | 211250493 | 第三借阅区/ [索取号:S317/56] | 在馆 | |
| 5 | 1125050 | 211250509 | 密集书库-生命科学系/ [索取号:S317/56] | 在馆 |